000
00256nam a2200097Ia 4500
005
20250424112820.0
008
250424s9999 xx 000 0 und d
300
_a
pp. 259- 527 : ill. ; 23 cm.
650
_a
Education--United States--Periodicals.
942
_c
SR
999
_c
37288
_d
37288